Merchant banking and financial services / (Record no. 81178)

MARC details
000 -LEADER
fixed length control field 00816nam a22002537a 4500
005 - DATE AND TIME OF LATEST TRANSACTION
control field 20131217115014.0
008 - FIXED-LENGTH DATA ELEMENTS--GENERAL INFORMATION
fixed length control field 131217b xxu||||| |||| 00| 0 eng d
010 ## - LCCN (DPL NO)
LC control number ENG-108808
020 ## - INTERNATIONAL STANDARD BOOK NUMBER
International Standard Book Number 9788182093669
Terms of availability 350.00
020 ## - INTERNATIONAL STANDARD BOOK NUMBER
International Standard Book Number 818209366x
Terms of availability 350.00
035 ## - SYSTEM CONTROL NUMBER
System control number EN-92341
037 ## - SOURCE OF ACQUISITION
Source of stock number/acquisition DBAD/PUB
040 ## - CATALOGING SOURCE
Original cataloging agency DPL
Language of cataloging English
082 ## - DEWEY DECIMAL CLASSIFICATION NUMBER
Classification number 332.66
100 ## - MAIN ENTRY--PERSONAL NAME
Personal name Gurusamy, S.
245 ## - TITLE STATEMENT
Title Merchant banking and financial services /
Statement of responsibility, etc by S. Gurusamy
250 ## - EDITION STATEMENT
Edition statement 4th ed
260 ## - PUBLICATION, DISTRIBUTION, ETC. (IMPRINT)
Place of publication, distribution, etc New Delhi
Name of publisher, distributor, etc Vijay Nicole Imprints in collabration with McGraw Hill Education
Date of publication, distribution, etc 2013
270 ## - ADDRESS
Address P-24 Green Park Education
City New Delhi
Postal code 110016
300 ## - PHYSICAL DESCRIPTION
Extent xviii,532p.
Dimensions 24cm(pbk).
500 ## - GENERAL NOTE
General note Includes bibliographical references and index
650 ## - SUBJECT ADDED ENTRY--TOPICAL TERM
Topical term or geographic name as entry element Merchant banks
942 ## - ADDED ENTRY ELEMENTS (KOHA)
Source of classification or shelving scheme Dewey Decimal Classification
Item type English Books
Call number suffix GUR
Classification part 332.66
Holdings
Withdrawn status Lost status Source of classification or shelving scheme Damaged status Not for loan Collection code Home library Current library Date acquired Source of acquisition Cost, normal purchase price Total Checkouts Full call number Barcode Date last seen Copy number Cost, replacement price Koha item type
    Dewey Decimal Classification   Not For Loan Non-fiction D.B.Act.Division D.B.Act.Division 17/12/2013 DBAD/PUB 350.00   332.66 GUR EN-92341 17/12/2013 1 350.00 English Books

© Delhi Public Library
Hit Counter
free hit counter